000 00587cas a22001935a 4500
001 L138798
008 070711d19802004xxkqr p 0 a0eng u
035 _a(Sirsi) u138798
041 0 _aeng
110 2 _aSociety for the Protection of Ancient Buildings
_92085
245 0 0 _aSPAB News
260 _aLondon
_bSPAB
_c1980-2004
362 0 _a1(1) January/February 1980-3(4) October 1982
554 _aFour per year
651 4 _aUnited Kingdom
690 _aBUILT ENVIRONMENT-BUILDING TYPES-HISTORIC BUILDINGS AND ANCIENT MONUMENTS
785 0 0 _tCornerstone
_x1744-5957
942 _n0
999 _c119041
_d119041